000 01386cab a2200325 4500
001 ABS58158
008 090401t1997 xxu||||| |||| 00| 0 eng d
035 _a(Sirsi) u83446
041 _aeng
100 _aAdair, A.
245 _aCase-based reasoning and retail rent determination
260 _c1997
350 _a0
490 _aJournal of Property Research
_v14(4) December 1997, 309-328(20)
520 _aIn the UK retail rents at review are traditionally assessed by the comparative method primarily using open market, rent review and lease renewal rental evidence. Reorganising that method has limitations, this paper reviews various computer-assisted methods and evaluates the strengths, weaknesses and appropriateness of various automated approaches. Selects the case-based reasoning approach as a means of objectively selecting and weighting comparable evidence for the determination of retail rents at review. References.
650 _aARTIFICIAL INTELLIGENCE
650 _aCASE-BASED REASONING
650 _aCOMPARABLES
650 _aEXPERT SYSTEMS
650 _aRENT REVIEWS
650 _aRETAIL RENTS
650 _aRETAIL VALUATION
650 _aVALUATION METHODS
690 _aPROPERTY-COMMERCIAL PROPERTY-RETAIL PROPERTY
700 _aMcGreal, S.
700 _aO`Roarty, B
700 _aPatterson, D.
942 _n0
948 _c30/01/1998
999 _c52701
_d52701